Capitalism And Freedom (Record no. 571133)

MARC details
000 -LEADER
fixed length control field 00476nam a2200181Ia 4500
008 - FIXED-LENGTH DATA ELEMENTS--GENERAL INFORMATION
fixed length control field 250516s9999 xx 000 0 und d
020 ## - INTERNATIONAL STANDARD BOOK NUMBER
ISBN 9780226734798
Paper back/Hardbound pbk
041 ## - LANGUAGE CODE
Language code of text/sound track or separate title eng
082 ## - DEWEY DECIMAL CLASSIFICATION NUMBER
Classification number 330.122 FRI
100 ## - MAIN ENTRY--AUTHOR NAME
Personal name Friedman, Milton
245 #0 - TITLE STATEMENT
Title Capitalism And Freedom
Statement of responsibility, etc /Milton Friedman;
250 ## - EDITION STATEMENT
Edition statement 1st ed.
260 ## - PUBLICATION, DISTRIBUTION, ETC. (IMPRINT)
Name of publisher University of Chicago Press,
Year of publication 2020.
Place of publication USA:
300 ## - PHYSICAL DESCRIPTION
Number of Pages 253p. :
Dimensions 19cm.
650 ## - SUBJECT ADDED ENTRY--TOPICAL TERM
Topical Term Economics
942 ## - ADDED ENTRY ELEMENTS (KOHA)
Koha item type English Books
Holdings
Withdrawn status Lost status Damaged status Not for loan Home library Current library Shelving location Date acquired Full call number Accession Number Price effective from Koha item type
        Anna Centenary Library Anna Centenary Library 4TH FLOOR, A WING 16.05.2025 330.122 FRI 702603 16.05.2025 Reference
        Anna Centenary Library Anna Centenary Library 4TH FLOOR, A WING 16.05.2025 330.122 FRI 702602 16.05.2025 Reference

Find us on the map